Szentkuthy-Pfisterer-Barokk [könyvkritika] /

Elmentve itt :
Bibliográfiai részletek
Szerző: Mohás Lívia
További közreműködők: Szentkuthy Miklós
Dokumentumtípus: Cikk
Megjelent: 1992
Sorozat:Tiszatáj 46 No. 7
Kulcsszavak:Magyar irodalom - regény - kritika, Szentkuthy Miklós
Online Access:http://tiszataj.bibl.u-szeged.hu/15053
LEADER 00657nab a2200193 i 4500
001 tisza15053
005 20200330153900.0
008 170119s1992 hu o 0|| hun d
022 |a 0133-1167 
040 |a SZTE Tiszatáj Archívum  |b hun 
041 |a hun 
100 1 |a Mohás Lívia 
245 1 0 |a Szentkuthy-Pfisterer-Barokk   |h [elektronikus dokumentum] :  |b [könyvkritika] /  |c  Mohás Lívia 
260 |c 1992 
300 |a 84-86 
490 0 |a Tiszatáj  |v 46 No. 7 
695 |a Magyar irodalom - regény - kritika, Szentkuthy Miklós 
700 0 1 |a Szentkuthy Miklós 
856 4 0 |u http://tiszataj.bibl.u-szeged.hu/15053/1/tiszataj_1992_007_084-086.pdf  |z Dokumentum-elérés